000 00666nam a2200241Ia 4500
003 OSt
005 20220918193933.0
006 a|||||r|||| 00| 0
007 ta
008 220917b |||||||| |||| 00| 0 eng d
024 _a76,584
037 _cTextual
040 _aARTS
_cARTS
_beng
041 _2eng
_aeng
082 _aR66,92, L8 (P15)
100 _aSharma Urmila
_977738
245 0 _aAdvaita Vedanta main tattva aur gyan
260 _aVaranasi
_bChandaswati Pratishthan
_c1978
300 _a31,456p.
_ccm.
650 _aADVAITA PHILOSOPHY
_9790
942 _hR66,92, L8 (P15)
_cTEXL
_2CC
999 _c200777
_d200777